El arte de envejecer: la ancianidad como tarea espiritual

Na minha lista:
Detalhes bibliográficos
Autor principal: Van Breemen, Piet (Author)
Formato: Livro
Idioma:espanhol
Publicado em: Santander Sal Terrae 2004
Edição:2a. ed
Colecção:Colección El Pozo de Siquem, 159
Assuntos:
Tags: Adicionar Tag
Sem tags, seja o primeiro a adicionar uma tag!

MARC

LEADER 00000cam a2200000 a 4500
001 UCE1628
003 CL-VaPUC
008 140508e20040000sp |||||||||||||||||spa|d
020 |a 8429315403 
082 0 4 |a 155.7  |b VAN  |2 21 
100 0 |a Van Breemen, Piet  |e author  |9 573985 
245 1 3 |a El arte de envejecer: la ancianidad como tarea espiritual 
250 |a 2a. ed 
300 |a 101 p 
942 |c BK 
945 |d 20140508 16:03:00  |a dcastane 
260 |a Santander  |b Sal Terrae  |c 2004 
650 7 |a ENVEJECIMIENTO  |2 CL-VaPUC  |9 573986 
650 0 |a Aspectos psicológicos  |9 258128 
650 0 |a Adulto mayor  |9 311317 
583 |a last modification  |c 20140508 16:03:00  |k Rodrigo Vera 
490 0 |a Colección El Pozo de Siquem, 159 
999 |c 355368  |d 355366 
952 |0 0  |1 0  |3 erb  |4 0  |6 155_700000000000000_VAN_2004  |7 0  |8 A  |9 462064  |a BIBTEO  |b BIBTEO  |i 5071321  |l 1  |o 155.7 VAN 2004  |p 5071321  |r 2025-01-17  |s 2023-08-30  |w 2019-11-23  |y BK  |z Catalogado en:20140508  |k ICR